000
00229nam a2200109Ia 4500
100
_a
Edson/ Lec.
942
_c
BK
654
_a
Manufactu
245
_a
Manufacturing -User manual Volume 2
260
_b
EDS inc
546
_a
ENGLISH
999
_c
34238
_d
34238